[Event "Outaouais-ch Reserve"]
[Site "Gatineau CAN"]
[Date "2017.05.16"]
[Round "5"]
[White "Clermont, Yves"]
[Black "Lecorre, Joel"]
[Result "0-1"]
[WhiteElo "1223"]
[BlackElo "1501"]
[WhiteFideId "-1"]
[WhiteFideId "-1"]
[PlyCount "50"]
[GameId "2160767908411899"]
[EventDate "2017.04.18"]
[EventType "swiss"]
[EventRounds "7"]
[EventCountry "CAN"]
[SourceTitle "EXT 2022"]
[Source "ChessBase"]
[SourceDate "2021.10.06"]
[SourceVersion "1"]
[SourceVersionDate "2021.10.06"]
[SourceQuality "1"]

1. e4 e5 2. Nf3 Nc6 3. d4 exd4 4. Nxd4 Qf6 5. Be3 a6 6. Nc3 Bb4 7. Qd2 Nge7 8. a3 Ba5 9. O-O-O h6 10. f4 d6 11. g4 Bxg4 12. Be2 Bxe2 13. Ndxe2 O-O-O 14. Qd3 g6 15. Nd4 Rhe8 16. Nd5 Nxd5 17. Nxc6 Nxe3 18. Nxd8 Nxd1 19. Rxd1 Qxf4+ 20. Kb1 Kxd8 21. Qd5 Bb6 22. Qxb7 a5 23. Qa6 Qxe4 24. Rf1 f5 25. Qb5 Qe2 0-1

[Event "Outaouais-ch Reserve"]
[Site "Gatineau CAN"]
[Date "2017.05.16"]
[Round "5"]
[White "Iyamuremye, Gervais"]
[Black "Levesque, Jonathan"]
[Result "1-0"]
[WhiteElo "1454"]
[BlackElo "1172"]
[WhiteFideId "-1"]
[WhiteFideId "-1"]
[PlyCount "75"]
[GameId "2160767908411900"]
[EventDate "2017.04.18"]
[EventType "swiss"]
[EventRounds "7"]
[EventCountry "CAN"]
[SourceTitle "EXT 2022"]
[Source "ChessBase"]
[SourceDate "2021.10.06"]
[SourceVersion "1"]
[SourceVersionDate "2021.10.06"]
[SourceQuality "1"]

1. e4 c5 2. Nc3 d6 3. Nf3 Nf6 4. h3 a6 5. d4 cxd4 6. Nxd4 e5 7. Nb3 Be7 8. Bc4 O-O 9. O-O b5 10. Bd5 Nxd5 11. Nxd5 Bb7 12. f3 Bh4 13. Be3 Nd7 14. a4 Bxd5 15. Qxd5 Nb6 16. Bxb6 Qxb6+ 17. Kh1 b4 18. f4 Bg3 19. fxe5 Bxe5 20. Rxf7 Rxf7 21. Qxa8+ Rf8 22. Qd5+ Kh8 23. Qd3 Qf2 24. Nd2 Qd4 25. Nc4 Qxd3 26. cxd3 b3 27. Nxe5 dxe5 28. Ra3 Rb8 29. Kg1 Kg8 30. Kf2 Kf7 31. Ke3 Rb4 32. Kd2 Ke6 33. Kc3 a5 34. Rxb3 Rxb3+ 35. Kxb3 Kd6 36. Kc4 Kc6 37. b4 Kb6 38. b5 1-0

[Event "Outaouais-ch Reserve"]
[Site "Gatineau CAN"]
[Date "2017.05.16"]
[Round "5"]
[White "Lemieux, Richard"]
[Black "Seguin, Hubert"]
[Result "0-1"]
[WhiteElo "1473"]
[BlackElo "1526"]
[WhiteFideId "-1"]
[WhiteFideId "-1"]
[PlyCount "80"]
[GameId "2160767908411902"]
[EventDate "2017.04.18"]
[EventType "swiss"]
[EventRounds "7"]
[EventCountry "CAN"]
[SourceTitle "EXT 2022"]
[Source "ChessBase"]
[SourceDate "2021.10.06"]
[SourceVersion "1"]
[SourceVersionDate "2021.10.06"]
[SourceQuality "1"]

1. e4 c5 2. Nf3 Nc6 3. d4 cxd4 4. Nxd4 g6 5. Nc3 Bg7 6. Be3 d6 7. Bb5 Bd7 8. O-O Nf6 9. Qd2 O-O 10. Rad1 Ne5 11. Bxd7 Qxd7 12. Qc1 a6 13. Bh6 b5 14. Bxg7 Kxg7 15. Rfe1 b4 16. Nd5 Nxd5 17. exd5 Rfe8 18. f4 Nc4 19. b3 Nb6 20. Nc6 Nxd5 21. Rxd5 Qxc6 22. Qd2 Rac8 23. Re2 Qb6+ 24. Kf1 Rc7 25. Rxd6 Qxd6 26. Qxd6 exd6 27. Rxe8 Rxc2 28. Re2 Rxe2 29. Kxe2 Kf6 30. Kd3 Ke6 31. Kd4 f6 32. g4 h5 33. h3 hxg4 34. hxg4 f5 35. g5 d5 36. Kd3 Kd6 37. Kd4 a5 38. Kd3 Kc5 39. Ke3 d4+ 40. Kd3 Kd5 0-1

[Event "Outaouais-ch Reserve"]
[Site "Gatineau CAN"]
[Date "2017.05.16"]
[Round "5"]
[White "Raymond, Daniel"]
[Black "Bilodeau, Victor"]
[Result "0-1"]
[WhiteElo "1785"]
[BlackElo "1692"]
[WhiteFideId "-1"]
[WhiteFideId "-1"]
[PlyCount "142"]
[GameId "2160767908411903"]
[EventDate "2017.04.18"]
[EventType "swiss"]
[EventRounds "7"]
[EventCountry "CAN"]
[SourceTitle "EXT 2022"]
[Source "ChessBase"]
[SourceDate "2021.10.06"]
[SourceVersion "1"]
[SourceVersionDate "2021.10.06"]
[SourceQuality "1"]

1. e4 e5 2. Nf3 Nf6 3. Nxe5 d6 4. Nf3 Nxe4 5. Nc3 Nxc3 6. dxc3 Be7 7. Be3 Bg4 8. h3 Bh5 9. Qd5 Bxf3 10. Qxf3 c6 11. Bd3 Nd7 12. Qg3 g6 13. O-O Nf6 14. Rae1 O-O 15. Bh6 Nh5 16. Qf3 Re8 17. Qg4 Nf6 18. Qf3 Nh5 19. Bd2 Bf8 20. g4 Qf6 21. Qxf6 Nxf6 22. Bg5 Bg7 23. c4 Nd7 24. b3 Ne5 25. Be3 Nf3+ 26. Kg2 Nxe1+ 27. Rxe1 Bd4 28. Bd2 Rxe1 29. Bxe1 Re8 30. Bd2 Re6 31. a4 Kg7 32. f4 Bf6 33. Kf3 Bd4 34. Be4 a6 35. a5 f6 36. f5 Re7 37. b4 g5 38. Bd3 Re5 39. Be4 d5 40. cxd5 cxd5 41. Bd3 Kf7 42. b5 axb5 43. Bxb5 Bg1 44. Bd7 d4 45. Bc8 Re7 46. Be6+ Kg7 47. Ke4 Rc7 48. Kd3 Bf2 49. Bc4 h6 50. Bb4 Bg1 51. Bd6 Rc6 52. Bb8 Kf8 53. Ba7 Ke7 54. Bxd4 Bxd4 55. Kxd4 Kd6 56. Bd3 Rc5 57. a6 bxa6 58. c4 a5 59. Bc2 Re5 60. Be4 a4 61. Bg2 a3 62. Kc3 Kc5 63. Bd5 Re3+ 64. Kc2 Rxh3 65. Kb1 Rg3 66. Bf7 Rxg4 67. Ka2 Rxc4 68. Kxa3 Rf4 69. Bg6 Kd5 70. Kb3 Ke5 71. Kc3 Rxf5 0-1

[Event "Outaouais-ch Reserve"]
[Site "Gatineau CAN"]
[Date "2017.05.16"]
[Round "5"]
[White "Sabourin, Yves"]
[Black "Danilov, Alex"]
[Result "0-1"]
[WhiteElo "1499"]
[BlackElo "1705"]
[WhiteFideId "-1"]
[WhiteFideId "-1"]
[PlyCount "136"]
[GameId "2160767908411904"]
[EventDate "2017.04.18"]
[EventType "swiss"]
[EventRounds "7"]
[EventCountry "CAN"]
[SourceTitle "EXT 2022"]
[Source "ChessBase"]
[SourceDate "2021.10.06"]
[SourceVersion "1"]
[SourceVersionDate "2021.10.06"]
[SourceQuality "1"]

1. e4 c5 2. c3 e6 3. d4 Nc6 4. Bd3 Nf6 5. Nf3 cxd4 6. cxd4 Nb4 7. O-O b6 8. Nc3 Be7 9. Bg5 Nxd3 10. Qxd3 O-O 11. e5 Ne8 12. Bxe7 Qxe7 13. Rfc1 Bb7 14. Nb5 Ba6 15. Qa3 Qxa3 16. Nxa3 f6 17. Nc4 Rc8 18. Ne3 Nc7 19. Rc2 Nd5 20. Rac1 Nxe3 21. fxe3 Kf7 22. Rc7 Ke7 23. R1c3 Ra8 24. Ra3 Kd8 25. Rac3 Bb5 26. exf6 Rxf6 27. Kf2 Bc6 28. R7xc6 dxc6 29. Rxc6 Kd7 30. Rc3 Rc8 31. Ke2 Rxc3 32. bxc3 Rf8 33. Ne5+ Kd6 34. a4 Rc8 35. Kd3 Rf8 36. Ke2 Rf5 37. e4 Rf8 38. g3 Kc7 39. Nd3 Kb7 40. Nb4 g5 41. c4 g4 42. d5 Kc7 43. Nc6 exd5 44. cxd5 a6 45. Nd4 Kd6 46. Ke3 Rf1 47. Nf5+ Ke5 48. d6 Rf3+ 49. Kd2 Kxe4 50. Nh6 Rd3+ 51. Kc2 Rxd6 52. Nxg4 h5 53. Nf2+ Kf3 54. Nh3 Kg2 55. Nf4+ Kxh2 56. Nxh5 Kh3 57. Kc3 Kg4 58. Ng7 Rc6+ 59. Kb4 Kxg3 60. Nf5+ Kf4 61. Nd4 Rd6 62. Kc4 Ke4 63. Nc2 Rc6+ 64. Kb3 Rxc2 65. Kxc2 Kd4 66. Kb3 Kd3 67. Kb4 Kc2 68. Ka3 Kc3 0-1

[Event "Outaouais-ch Reserve"]
[Site "Gatineau CAN"]
[Date "2017.05.16"]
[Round "5"]
[White "Simard, Paul"]
[Black "Legare, Gilles"]
[Result "1-0"]
[WhiteElo "1228"]
[BlackElo "1022"]
[WhiteFideId "-1"]
[WhiteFideId "-1"]
[PlyCount "73"]
[GameId "2160767908411905"]
[EventDate "2017.04.18"]
[EventType "swiss"]
[EventRounds "7"]
[EventCountry "CAN"]
[SourceTitle "EXT 2022"]
[Source "ChessBase"]
[SourceDate "2021.10.06"]
[SourceVersion "1"]
[SourceVersionDate "2021.10.06"]
[SourceQuality "1"]

1. d4 Nf6 2. Nc3 e6 3. e4 Bb4 4. Bd3 b6 5. Nf3 Bb7 6. Bd2 Bxc3 7. Bxc3 Bxe4 8. Qe2 d5 9. Ne5 Bxd3 10. Qxd3 a5 11. O-O O-O 12. a4 Qd6 13. Rfe1 Re8 14. Bd2 Ne4 15. Bf4 Qe7 16. c4 c6 17. f3 Nf6 18. Rac1 Nh5 19. Bd2 Qf6 20. Qe3 g6 21. cxd5 cxd5 22. Rc7 Ng7 23. g4 Rf8 24. Rec1 Qd8 25. Qa3 f6 26. Nd3 Ne8 27. Rc8 Qd6 28. Qxd6 Nxd6 29. Bf4 Nxc8 30. Rc7 Na6 31. Rc6 Re8 32. Bh6 Re7 33. Nf4 Kf7 34. h4 Nb4 35. Rc1 Raa7 36. Rxc8 Rac7 37. Rf8# 1-0

[Event "Outaouais-ch Reserve"]
[Site "Gatineau CAN"]
[Date "2017.05.16"]
[Round "5"]
[White "Traversy, Pierre"]
[Black "Rioux, Jocelyn"]
[Result "0-1"]
[WhiteElo "1210"]
[BlackElo "1513"]
[WhiteFideId "-1"]
[WhiteFideId "-1"]
[PlyCount "98"]
[GameId "2160767908411906"]
[EventDate "2017.04.18"]
[EventType "swiss"]
[EventRounds "7"]
[EventCountry "CAN"]
[SourceTitle "EXT 2022"]
[Source "ChessBase"]
[SourceDate "2021.10.06"]
[SourceVersion "1"]
[SourceVersionDate "2021.10.06"]
[SourceQuality "1"]

1. d4 d5 2. Nc3 Nf6 3. e3 c5 4. h3 Nc6 5. Nf3 e6 6. b3 Bd6 7. Ba3 Qa5 8. Bb2 a6 9. a3 Ne4 10. Qd3 b5 11. dxc5 Nxc5 12. Qd2 b4 13. Nb1 Ne4 14. Qd1 bxa3+ 15. Bc3 Nxc3 16. Nxc3 Qxc3+ 17. Nd2 Bb4 18. Ra2 Na7 19. Qe2 Bd7 20. Qd3 Qxd2+ 21. Qxd2 Bxd2+ 22. Kxd2 Nb5 23. b4 a5 24. Bxb5 Bxb5 25. Rxa3 a4 26. c3 Ke7 27. f4 Rhc8 28. Re1 f6 29. Rc1 e5 30. g3 Rc4 31. Ke1 Rac8 32. Kd2 d4 33. Rc2 dxc3+ 34. Rcxc3 Rxc3 35. Rxc3 Rxc3 36. Kxc3 Kd6 37. fxe5+ Kxe5 38. h4 Ke4 39. g4 Kxe3 40. g5 fxg5 41. hxg5 h6 42. gxh6 gxh6 43. Kc2 h5 44. Kd1 h4 45. Kc2 h3 46. Kb2 h2 47. Ka2 h1=Q 48. Kb2 Kd3 49. Ka2 Kc3 0-1

[Event "Outaouais-ch Reserve"]
[Site "Gatineau CAN"]
[Date "2017.05.23"]
[Round "6"]
[White "Bastien, Andre"]
[Black "Arcand, Pierre"]
[Result "1-0"]
[WhiteElo "1829"]
[BlackElo "1239"]
[WhiteFideId "-1"]
[WhiteFideId "-1"]
[PlyCount "85"]
[GameId "2160767908411907"]
[EventDate "2017.04.18"]
[EventType "swiss"]
[EventRounds "7"]
[EventCountry "CAN"]
[SourceTitle "EXT 2022"]
[Source "ChessBase"]
[SourceDate "2021.10.06"]
[SourceVersion "1"]
[SourceVersionDate "2021.10.06"]
[SourceQuality "1"]

1. d4 d5 2. Nf3 Nf6 3. e3 e6 4. Bd3 Be7 5. O-O O-O 6. Nbd2 Nbd7 7. c3 b6 8. e4 dxe4 9. Nxe4 Nxe4 10. Bxe4 Rb8 11. Bf4 Nf6 12. Bc2 Nd5 13. Qd3 g6 14. Bh6 Re8 15. Ne5 Qd6 16. Ba4 b5 17. Bxb5 Rd8 18. Nc6 Rxb5 19. Qxb5 a6 20. Qc4 Re8 21. Nxe7+ Rxe7 22. Qc5 Qb6 23. c4 Qxc5 24. dxc5 Nb4 25. Rfd1 Re8 26. Bg5 Nc6 27. Bf6 e5 28. b4 Nd4 29. Kf1 Nc6 30. b5 axb5 31. cxb5 Na5 32. Bd8 Nb7 33. Bxc7 Nxc5 34. Rac1 Nd7 35. b6 Re7 36. Ke1 Bb7 37. Bd8 Kf8 38. Bxe7+ Kxe7 39. Rxd7+ Kxd7 40. Rc7+ Kd8 41. Rxb7 Kc8 42. Rxf7 h5 43. Kd2 1-0

[Event "Outaouais-ch Reserve"]
[Site "Gatineau CAN"]
[Date "2017.05.23"]
[Round "6"]
[White "Bilodeau, Victor"]
[Black "Seguin, Hubert"]
[Result "1-0"]
[WhiteElo "1692"]
[BlackElo "1526"]
[WhiteFideId "-1"]
[WhiteFideId "-1"]
[PlyCount "89"]
[GameId "2160767908411908"]
[EventDate "2017.04.18"]
[EventType "swiss"]
[EventRounds "7"]
[EventCountry "CAN"]
[SourceTitle "EXT 2022"]
[Source "ChessBase"]
[SourceDate "2021.10.06"]
[SourceVersion "1"]
[SourceVersionDate "2021.10.06"]
[SourceQuality "1"]

1. d4 d5 2. Nf3 Nf6 3. Bf4 Bf5 4. e3 a6 5. h3 e6 6. Be2 c5 7. c3 c4 8. Nbd2 Bd6 9. Ne5 O-O 10. O-O Ne8 11. g4 Bg6 12. Nxg6 fxg6 13. Bxd6 Nxd6 14. Bf3 Nd7 15. Qe2 Qf6 16. Bg2 b5 17. Rae1 Nb6 18. e4 Qd8 19. exd5 exd5 20. Qe6+ Nf7 21. Qe3 Re8 22. Qf4 Qd6 23. Qf3 Re7 24. Re3 Ng5 25. Qd1 Rae8 26. Rfe1 Rxe3 27. Rxe3 Rxe3 28. fxe3 Qg3 29. Qe2 Nxh3+ 30. Kf1 Ng5 31. e4 dxe4 32. Nxe4 Qf4+ 33. Nf2 Qc1+ 34. Nd1 Qf4+ 35. Nf2 Kf7 36. Bb7 a5 37. Bc6 b4 38. Qe8+ Kf6 39. Qd8+ Kf7 40. Be8+ Kg8 41. Bb5+ Kf7 42. Qxb6 Ne6 43. Bxc4 Qe3 44. Bxe6+ Qxe6 45. Qxe6+ 1-0

[Event "Outaouais-ch Reserve"]
[Site "Gatineau CAN"]
[Date "2017.05.23"]
[Round "6"]
[White "Cayen, Jean-Philippe"]
[Black "Lemieux, Richard"]
[Result "0-1"]
[WhiteElo "1303"]
[BlackElo "1473"]
[WhiteFideId "-1"]
[WhiteFideId "-1"]
[PlyCount "88"]
[GameId "2160767908411909"]
[EventDate "2017.04.18"]
[EventType "swiss"]
[EventRounds "7"]
[EventCountry "CAN"]
[SourceTitle "EXT 2022"]
[Source "ChessBase"]
[SourceDate "2021.10.06"]
[SourceVersion "1"]
[SourceVersionDate "2021.10.06"]
[SourceQuality "1"]

1. g3 d5 2. e3 e5 3. Bg2 Nf6 4. b3 Bd6 5. Bb2 c6 6. d3 Qc7 7. Nd2 Bg4 8. Bf3 Bxf3 9. Ngxf3 Nbd7 10. c4 Bb4 11. cxd5 Nxd5 12. O-O Bxd2 13. Qxd2 O-O 14. b4 Qd6 15. a3 Rfe8 16. Rac1 Rad8 17. Rfd1 N5f6 18. Qc3 Nb6 19. Ba1 Nfd5 20. Qb2 f6 21. Qb3 Kh8 22. d4 e4 23. Nd2 f5 24. Nc4 Nxc4 25. Qxc4 Qh6 26. b5 Re6 27. bxc6 Rxc6 28. Qb3 b6 29. Bb2 Qd6 30. Rxc6 Qxc6 31. Rc1 Qd7 32. a4 h5 33. Bc3 Rc8 34. Bd2 Rxc1+ 35. Bxc1 Qc6 36. Bd2 a6 37. h4 b5 38. axb5 axb5 39. Qa3 Kh7 40. Qf8 Nf6 41. Bb4 Qc1+ 42. Kg2 Qd1 43. Be7 Qf3+ 44. Kf1 Ng4 0-1

[Event "Outaouais-ch Reserve"]
[Site "Gatineau CAN"]
[Date "2017.05.23"]
[Round "6"]
[White "Clermont, Yves"]
[Black "Simard, Paul"]
[Result "1-0"]
[WhiteElo "1223"]
[BlackElo "1228"]
[WhiteFideId "-1"]
[WhiteFideId "-1"]
[PlyCount "86"]
[GameId "2160767908411910"]
[EventDate "2017.04.18"]
[EventType "swiss"]
[EventRounds "7"]
[EventCountry "CAN"]
[SourceTitle "EXT 2022"]
[Source "ChessBase"]
[SourceDate "2021.10.06"]
[SourceVersion "1"]
[SourceVersionDate "2021.10.06"]
[SourceQuality "1"]

1. e4 c5 2. Nf3 g6 3. d4 Nc6 4. d5 Nb8 5. Be3 d6 6. Bb5+ Nd7 7. c4 a6 8. Qa4 Bg7 9. Nc3 Ngf6 10. Rb1 O-O 11. Bxd7 Nxd7 12. O-O Nb6 13. Qb3 Bd7 14. a4 Bxc3 15. bxc3 Nxa4 16. Qxb7 Nxc3 17. Ra1 Nxe4 18. Bh6 Re8 19. Rfe1 Bf5 20. Qb2 f6 21. Nh4 Qd7 22. Qe2 Ng5 23. Nxf5 Qxf5 24. Ra3 Rab8 25. Rxa6 Rb1 26. Rxd6 Rxe1+ 27. Qxe1 Nf7 28. Rc6 Nxh6 29. Rxc5 Nf7 30. h3 Nd6 31. Rc6 Kf7 32. Qd2 Ne4 33. Qd4 h5 34. Rb6 Nd6 35. c5 Nc8 36. Rb7 Kf8 37. c6 Rd8 38. c7 Rxd5 39. Qa4 Rd1+ 40. Qxd1 Ke8 41. Rb8 Qd7 42. Qc2 Kf7 43. Qb3+ e6 1-0

[Event "Outaouais-ch Reserve"]
[Site "Gatineau CAN"]
[Date "2017.05.23"]
[Round "6"]
[White "Iyamuremye, Gervais"]
[Black "Raymond, Daniel"]
[Result "1/2-1/2"]
[WhiteElo "1454"]
[BlackElo "1785"]
[WhiteFideId "-1"]
[WhiteFideId "-1"]
[PlyCount "69"]
[GameId "2160767908411911"]
[EventDate "2017.04.18"]
[EventType "swiss"]
[EventRounds "7"]
[EventCountry "CAN"]
[SourceTitle "EXT 2022"]
[Source "ChessBase"]
[SourceDate "2021.10.06"]
[SourceVersion "1"]
[SourceVersionDate "2021.10.06"]
[SourceQuality "1"]

1. e4 c5 2. Nf3 d6 3. h3 Nf6 4. Nc3 Nc6 5. Bb5 Bd7 6. d4 cxd4 7. Nxd4 g6 8. Nxc6 bxc6 9. Bc4 Bg7 10. O-O O-O 11. Re1 Ne8 12. Ne2 Qb6 13. Rb1 Nc7 14. b3 Be6 15. Bxe6 Nxe6 16. Be3 Qa5 17. a4 f5 18. Nd4 Nxd4 19. Bxd4 e5 20. Bb2 Qc5 21. b4 Qb6 22. exf5 Rxf5 23. Qd2 d5 24. a5 Qb5 25. g4 Rf3 26. Bxe5 Bxe5 27. Rxe5 Raf8 28. Rbe1 Rxh3 29. Re8 Rhf3 30. Rxf8+ Rxf8 31. Re7 Rf7 32. Qe1 Rxe7 33. Qxe7 a6 34. Qe8+ Kg7 35. Qe7+ 1/2-1/2

[Event "Outaouais-ch Reserve"]
[Site "Gatineau CAN"]
[Date "2017.05.23"]
[Round "6"]
[White "Legare, Gilles"]
[Black "Traversy, Pierre"]
[Result "1-0"]
[WhiteElo "1022"]
[BlackElo "1210"]
[WhiteFideId "-1"]
[WhiteFideId "-1"]
[PlyCount "99"]
[GameId "2160767908411912"]
[EventDate "2017.04.18"]
[EventType "swiss"]
[EventRounds "7"]
[EventCountry "CAN"]
[SourceTitle "EXT 2022"]
[Source "ChessBase"]
[SourceDate "2021.10.06"]
[SourceVersion "1"]
[SourceVersionDate "2021.10.06"]
[SourceQuality "1"]

1. e4 e5 2. Nc3 Nf6 3. Nf3 Nc6 4. d3 d6 5. Be3 Bg4 6. Be2 Bxf3 7. Bxf3 Nd4 8. Bxd4 exd4 9. Ne2 c5 10. O-O Rb8 11. c4 Be7 12. Ng3 g6 13. Re1 Nd7 14. Qa4 a5 15. Bg4 Kf8 16. Bxd7 b6 17. Bh3 Bf6 18. Qd7 Be5 19. Qxd8+ Rxd8 20. a4 h5 21. Ne2 g5 22. Bf5 g4 23. Rf1 Rh6 24. f3 gxf3 25. Rxf3 f6 26. Rh3 Ke7 27. Rf1 h4 28. Nf4 Bxf4 29. Rxf4 Rg8 30. Rhxh4 Rxh4 31. Rxh4 Rg7 32. Rh7 Kf8 33. Rh6 Ke7 34. Rh8 Rf7 35. Rb8 Rf8 36. Rxb6 Ra8 37. Rb7+ Ke8 38. Be6 Kf8 39. Rb6 Ke7 40. Bd5 Ra7 41. b3 Kd7 42. Rb5 Kc7 43. Kf2 Kd8 44. Kf3 Ke8 45. Kf4 Kf8 46. Kf5 Rh7 47. Rb8+ Kg7 48. Rg8+ Kh6 49. Kxf6 Rb7 50. Bxb7 1-0

[Event "Outaouais-ch Reserve"]
[Site "Gatineau CAN"]
[Date "2017.05.23"]
[Round "6"]
[White "Lepine, Louis"]
[Black "Berthiaume, Serge"]
[Result "0-1"]
[WhiteElo "1103"]
[BlackElo "1518"]
[WhiteFideId "-1"]
[WhiteFideId "-1"]
[PlyCount "74"]
[GameId "2160767908411913"]
[EventDate "2017.04.18"]
[EventType "swiss"]
[EventRounds "7"]
[EventCountry "CAN"]
[SourceTitle "EXT 2022"]
[Source "ChessBase"]
[SourceDate "2021.10.06"]
[SourceVersion "1"]
[SourceVersionDate "2021.10.06"]
[SourceQuality "1"]

1. d4 Nf6 2. Nf3 g6 3. e3 Bg7 4. Bd3 O-O 5. O-O c5 6. Nc3 cxd4 7. Nxd4 Nc6 8. e4 Nxd4 9. Be3 Nc6 10. a3 d6 11. h3 Nd7 12. f4 f5 13. Bc4+ Kh8 14. Qd5 Nf6 15. Qd3 fxe4 16. Nxe4 Bf5 17. Bd5 e6 18. g4 Nxd5 19. gxf5 Rxf5 20. Kh2 Nxe3 21. Qxe3 Bxb2 22. Rab1 Bd4 23. Qd3 b6 24. c3 Bg7 25. Nxd6 Rf6 26. Rbd1 Qe7 27. Qe4 Qc7 28. Nb5 Qc8 29. Rd6 e5 30. Rxc6 Rxc6 31. fxe5 Qe6 32. Nd6 Qxe5+ 33. Rf4 Qxe4 34. Rxe4 Rxd6 35. a4 Bxc3 36. h4 Rd4 37. Rxd4 Bxd4 0-1

[Event "Outaouais-ch Reserve"]
[Site "Gatineau CAN"]
[Date "2017.05.23"]
[Round "6"]
[White "Masse-Garneau, Anthony"]
[Black "Danilov, Alex"]
[Result "0-1"]
[WhiteElo "1378"]
[BlackElo "1705"]
[WhiteFideId "-1"]
[WhiteFideId "-1"]
[PlyCount "72"]
[GameId "2160767908411914"]
[EventDate "2017.04.18"]
[EventType "swiss"]
[EventRounds "7"]
[EventCountry "CAN"]
[SourceTitle "EXT 2022"]
[Source "ChessBase"]
[SourceDate "2021.10.06"]
[SourceVersion "1"]
[SourceVersionDate "2021.10.06"]
[SourceQuality "1"]

1. d4 Nf6 2. c4 e6 3. Nf3 Bb4+ 4. Bd2 Be7 5. Nc3 c5 6. d5 O-O 7. e4 exd5 8. cxd5 d6 9. h3 Re8 10. Bc4 Bf8 11. Bg5 h6 12. Bxf6 Qxf6 13. O-O a6 14. a4 Nd7 15. Qd2 Nb6 16. Be2 c4 17. a5 Nd7 18. Bxc4 Nc5 19. Qe3 Bf5 20. Qd4 Nxe4 21. Nxe4 Qxd4 22. Nxd4 Bxe4 23. f3 Bh7 24. Rae1 Be7 25. b3 Bf6 26. Ne2 Re3 27. Kf2 Rae8 28. Nf4 Bd4 29. Rxe3 Bxe3+ 30. Kg3 Bd2 31. Ra1 Bc3 32. Ra4 Be5 33. Kg4 f5+ 34. Kh5 Bxf4 35. Rb4 Bg5 36. Rxb7 g6# 0-1

[Event "Outaouais-ch Reserve"]
[Site "Gatineau CAN"]
[Date "2017.05.23"]
[Round "6"]
[White "Raymond, Robert"]
[Black "Labelle, Raymond"]
[Result "1-0"]
[WhiteElo "1236"]
[BlackElo "1499"]
[WhiteFideId "-1"]
[WhiteFideId "-1"]
[PlyCount "94"]
[GameId "2160767908411915"]
[EventDate "2017.04.18"]
[EventType "swiss"]
[EventRounds "7"]
[EventCountry "CAN"]
[SourceTitle "EXT 2022"]
[Source "ChessBase"]
[SourceDate "2021.10.06"]
[SourceVersion "1"]
[SourceVersionDate "2021.10.06"]
[SourceQuality "1"]

1. e4 e6 2. d3 d5 3. Nd2 Nf6 4. g3 c5 5. Bg2 Nc6 6. Ne2 d4 7. O-O e5 8. f4 exf4 9. Nxf4 Ne5 10. b3 b5 11. a4 b4 12. Nc4 Qc7 13. Nxe5 Qxe5 14. Qf3 Bg4 15. Qf2 a5 16. Nd5 Ra6 17. Bf4 Qh5 18. Nc7+ Kd7 19. Nxa6 Be7 20. e5 Ng8 21. Bf3 Nh6 22. Bxh6 gxh6 23. Bxg4+ Qxg4 24. Qf5+ Qxf5 25. Rxf5 Ra8 26. Rxf7 Rxa6 27. Rxh7 Re6 28. Re1 Kc6 29. Kg2 Bd6 30. Rf1 Bxe5 31. Ra7 Kb6 32. Ra8 Bf6 33. Rf8 Bg5 34. h4 Be7 35. R8f7 Kc6 36. Kf3 Bd6 37. Kg2 Be7 38. Kf2 Bd6 39. Kf3 Re3+ 40. Kg4 Rxg3+ 41. Kh5 Rh3 42. R7f6 Kd7 43. Rf7+ Ke8 44. R7f6 Kd7 45. Rf7+ Ke8 46. R7f6 Be7 47. Re1 Rxh4+ 1-0

[Event "Outaouais-ch Reserve"]
[Site "Gatineau CAN"]
[Date "2017.05.23"]
[Round "6"]
[White "Sabourin, Yves"]
[Black "Levesque, Jonathan"]
[Result "0-1"]
[WhiteElo "1499"]
[BlackElo "1172"]
[WhiteFideId "-1"]
[WhiteFideId "-1"]
[PlyCount "70"]
[GameId "2160767908411916"]
[EventDate "2017.04.18"]
[EventType "swiss"]
[EventRounds "7"]
[EventCountry "CAN"]
[SourceTitle "EXT 2022"]
[Source "ChessBase"]
[SourceDate "2021.10.06"]
[SourceVersion "1"]
[SourceVersionDate "2021.10.06"]
[SourceQuality "1"]

1. e4 c5 2. c3 d6 3. d4 cxd4 4. cxd4 Nf6 5. Bd3 e6 6. Nf3 Be7 7. Nc3 Nbd7 8. O-O O-O 9. Qc2 e5 10. d5 a6 11. Bd2 b5 12. Rfc1 Nc5 13. Be3 Nxd3 14. Qxd3 Bg4 15. a3 Bxf3 16. gxf3 Nh5 17. Na2 Bg5 18. Qf1 Bxe3 19. fxe3 Qg5+ 20. Kf2 Qh4+ 21. Kg2 Qg5+ 22. Kf2 f5 23. exf5 Rxf5 24. Qg2 Qh4+ 25. Ke2 Raf8 26. Rf1 Qc4+ 27. Kd2 Qxd5+ 28. Kc2 Rxf3 29. Nc3 Qf7 30. Rxf3 Qxf3 31. Qg5 Nf6 32. Rd1 Ne4 33. Nxe4 Qxe4+ 34. Kc1 Rc8+ 35. Kd2 Rc2+ 0-1

[Event "Outaouais-ch Reserve"]
[Site "Gatineau CAN"]
[Date "2017.05.30"]
[Round "7"]
[White "Berthiaume, Serge"]
[Black "Clermont, Yves"]
[Result "1-0"]
[WhiteElo "1518"]
[BlackElo "1223"]
[WhiteFideId "-1"]
[WhiteFideId "-1"]
[PlyCount "98"]
[GameId "2160767908411917"]
[EventDate "2017.04.18"]
[EventType "swiss"]
[EventRounds "7"]
[EventCountry "CAN"]
[SourceTitle "EXT 2022"]
[Source "ChessBase"]
[SourceDate "2021.10.06"]
[SourceVersion "1"]
[SourceVersionDate "2021.10.06"]
[SourceQuality "1"]

1. c4 e5 2. Nc3 b6 3. d3 Bb7 4. a3 d6 5. e4 Be7 6. g3 Nc6 7. Nd5 Nf6 8. Nxe7 Qxe7 9. Bg2 Nd4 10. Ne2 Nxe2 11. Qxe2 h6 12. O-O Qd7 13. f4 Qc6 14. b4 O-O 15. b5 Qd7 16. fxe5 dxe5 17. Bb2 Qd6 18. Rad1 Rad8 19. d4 Qe7 20. Rd3 a6 21. a4 Qe6 22. d5 Qg4 23. Qxg4 Nxg4 24. h3 Nf6 25. Bxe5 Ne8 26. Bb2 Nd6 27. Ba3 Rfe8 28. Bxd6 Rxd6 29. Re3 axb5 30. axb5 f6 31. Rfe1 Kf7 32. Bf3 g6 33. Kg2 Rd7 34. e5 fxe5 35. Rxe5 Rxe5 36. Rxe5 Re7 37. Re6 Bc8 38. Rxe7+ Kxe7 39. Be2 Kd6 40. h4 Kc5 41. Kf3 h5 42. Kf4 Bg4 43. Bxg4 hxg4 44. Kxg4 Kxc4 45. Kg5 Kxb5 46. Kxg6 Kc5 47. h5 b5 48. h6 b4 49. h7 b3 1-0

[Event "Outaouais-ch Reserve"]
[Site "Gatineau CAN"]
[Date "2017.05.30"]
[Round "7"]
[White "Danilov, Alex"]
[Black "Bilodeau, Victor"]
[Result "0-1"]
[WhiteElo "1705"]
[BlackElo "1692"]
[WhiteFideId "-1"]
[WhiteFideId "-1"]
[PlyCount "86"]
[GameId "2160767908411918"]
[EventDate "2017.04.18"]
[EventType "swiss"]
[EventRounds "7"]
[EventCountry "CAN"]
[SourceTitle "EXT 2022"]
[Source "ChessBase"]
[SourceDate "2021.10.06"]
[SourceVersion "1"]
[SourceVersionDate "2021.10.06"]
[SourceQuality "1"]

1. Nf3 Nf6 2. c4 c5 3. Nc3 Nc6 4. e3 g6 5. a3 Bg7 6. g3 O-O 7. Bg2 Rb8 8. Qc2 d6 9. d3 Re8 10. O-O Be6 11. Ng5 Bf5 12. h3 Ne5 13. e4 Bd7 14. f4 Nc6 15. Nf3 Bh6 16. f5 Bxc1 17. Qxc1 Kg7 18. fxg6 hxg6 19. Qg5 Rh8 20. g4 Nh7 21. Qe3 e5 22. b4 b6 23. Nd5 cxb4 24. axb4 Be6 25. b5 Na5 26. Nb4 Qc8 27. Nc6 Nxc6 28. bxc6 a5 29. c5 bxc5 30. Rxa5 Qxc6 31. Ng5 Qc7 32. Ra4 Nxg5 33. Qxg5 Qd8 34. Qe3 Rb3 35. Qd2 Qd7 36. Ra6 Rhb8 37. Qf2 Qe7 38. Rd1 R3b6 39. Ra3 Rb2 40. Qf3 Rc2 41. Rf1 Rbb2 42. Bh1 c4 43. Ra7 Qxa7+ 0-1